Ciutadella veia (Record no. 31445)

MARC details
000 -LEADER
campo de control de longitud fija 00602nam a2200181 i 4500
001 - NÚMERO DE CONTROL
campo de control 31445
003 - IDENTIFICADOR DE NÚMERO DE CONTROL
campo de control ES-MaACL
005 - FECHA Y HORA DE LA ÚLTIMA TRANSACCIÓN
campo de control 20230906154400.0
007 - CAMPO FIJO DE DESCRIPCIÓN FÍSICA--INFORMACIÓN GENERAL
campo de control de longitud fija t|
008 - DATOS DE LONGITUD FIJA--INFORMACIÓN GENERAL
campo de control de longitud fija 030129s1972 sp ||||1| cat d
100 1# - ENTRADA PRINCIPAL--NOMBRE DE PERSONA
Nombre de persona Benejam, Juan.
9 (RLIN) 27522
245 10 - MENCIÓN DEL TÍTULO
Título Ciutadella veia
Resto del título : records d'un quant temps enrera /
Mención de responsabilidad, etc. Joan Benejam Vives ; edicio a cura de Lluis Casasnovas Marques i Germa Coll Mesquida.
260 ## - PUBLICACIÓN, DISTRIBUCIÓN, ETC.
Lugar de publicación, distribución, etc. Menorca :
Nombre del editor, distribuidor, etc. Nura,
Fecha de publicación, distribución, etc. 1972.
300 ## - DESCRIPCIÓN FÍSICA
Extensión 109 p. ;
Dimensiones 17 cm.
700 1# - ENTRADA AGREGADA--NOMBRE PERSONAL
Nombre de persona Casasnovas Marques, Lluis.
9 (RLIN) 36248
700 1# - ENTRADA AGREGADA--NOMBRE PERSONAL
Nombre de persona Coll Mesquida, Germa.
9 (RLIN) 39627
852 ## - LOCALIZACIÓN
Ubicación ES-MaACL
Número de control de estantería C-53594
Sublocalización o colección R.84078
Holdings
Estatus retirado Estado de pérdida Estado de daño No para préstamo Biblioteca de origen Biblioteca actual Ubicación en estantería Fecha de adquisición Fuente de adquisición Total de préstamos Signatura topográfica completa Código de barras Visto por última vez Precio de reemplazo Tipo de ítem Koha
        Biblioteca del Ateneo de Madrid Biblioteca del Ateneo de Madrid Depósito 2 17/01/2008     C-53594 1032494 23/02/2023 23/02/2023 Libro impreso